Advanced analytic number theory : L-functions

Αποθηκεύτηκε σε:
Λεπτομέρειες βιβλιογραφικής εγγραφής
Κύριος συγγραφέας: Moreno, Carlos J. 1946-
Μορφή: Βιβλίο
Γλώσσα:English
Δημοσίευση: Providence, R.I. : American Mathematical Society, c2005
Σειρά:Mathematical surveys and monographs ; ; 115
Θέματα:
Ετικέτες: Προσθήκη ετικέτας
Δεν υπάρχουν, Καταχωρήστε ετικέτα πρώτοι!

MARC

LEADER 00000nam a2200000 i 4500
001 1/69112
008 071221s2005 eng d
020 |a 0-8218-3641-2 
035 |l 10093346 
040 |a GR-MY-UA  |b gre  |e aacr 
041 0 |a eng 
082 0 |a 512.73  |2 (22) 
100 1 |a Moreno, Carlos J.  |d 1946- 
245 1 0 |a Advanced analytic number theory :  |b L-functions /  |c Carlos Julio Moreno 
260 |a Providence, R.I. :   |b American Mathematical Society,   |c c2005 
300 |a xx, 291 σ. ;  |c 27 εκ.  
490 1 |a Mathematical surveys and monographs  |v ; 115 
504 |a Περιέχει βιβλιογραφικές αναφορές (σ. 283-290) και ευρετήριο. 
650 0 0 |a L-functions. 
650 0 0 |a Algebraic number theory. 
650 0 0 |a Lie groups. 
830 0 |a Mathematical surveys and monographs ;  |v ; 115 
852 |a INST  |b SAMOS  |e 20071221  |h 512.73 MOR  |p 005300027456  |q 005300027456  |t BK  |y 0 
901 |a BIBL3-2007-3 
909 |a Σ  |b 140430 
922 |a 3ΕΛΗ  |b 200711  |c ΕΠΕΑΕΚ2/ΜΑΘ  |d ΕΛΕΥΘΕΡΟΥΔΑΚΗΣ 
970 |a ΓΟΥΒΑΛΑ  |b ΒΑΣΩ  |z 2007/12/21